| 000 | 00639cam a2200229 4500 | ||
|---|---|---|---|
| 001 | J1514 | ||
| 008 | 090401t1992 xxu||||| |||| 00| 0 eng d | ||
| 035 | _a(Sirsi) u43896 | ||
| 041 | _aeng | ||
| 050 | _a332.6324 | ||
| 110 |
_aClifford Chance _92015 |
||
| 245 | _aRaising finance through property assets: new approaches. | ||
| 260 |
_aLondon _bClifford Chance _c1992 |
||
| 300 | _a18p. ; 30cm. | ||
| 350 | _a0 | ||
| 650 | _aPROPERTY FINANCE | ||
| 650 | _aPROPERTY INVESTMENT | ||
| 650 | _aSECURITISATION | ||
| 690 | _aPROPERTY-COMMERCIAL PROPERTY-COMMERCIAL PROPERTY FINANCE AND INVESTMENT | ||
| 942 | _n0 | ||
| 948 | _c04/03/1997 | ||
| 999 |
_c91403 _d91403 |
||